00373nam a2200145Ia 4500008004100000020001800041041000800059082001700067100001600084245006700100260002000167300000800187365001600195700001600211230718s9999 xx 000 0 und d a9789351104063 aeng a005.1'4bBHA aBhargava A. aDesigning And Implementing Test Automation Frameworks With QTP c2013bPackt/SPD a142 cRs.b325.00 aBhargava A.